000 00464nam a2200157Ia 4500
008 160316s1991 xxu||||| |||| 00| 0 eng d
082 _a342.730853
_bPOW
100 _aPowe Lucas A
245 _aThe fourth estate and the constitution : Freedom of the press in America
250 _a
260 _aNew Delhi
_bAffiliated East-West Press Pvt Ltd
_c1991
300 _a357p.
_b20 cm
_cxii
365 _bRs.88/-
650 _a1. Press Freedom - - U S A
700 _a
_a
999 _c6691
_d6691